00280nam a2200121Ia 45000030006000000080041000060400015000471000021000622450019000832600027001025460012001290050017001410STCL150530s9999 xx 000 0 und d aSTCLcSTCL aVoice of America aAmerican novel bVoice of Americac1900 aEnglish20220125171355.0